[Event "FSIM October"]
[Site "Budapest HUN"]
[Date "2007.10.09"]
[Round "4"]
[White "Werner,Di"]
[Black "Gauri,S"]
[Result "1/2-1/2"]
[WhiteElo "2346"]
[BlackElo "2251"]

1.d4 Nf6 2.c4 e6 3.g3 Bb4+ 4.Nd2 c5 5.a3 Bxd2+ 6.Qxd2 cxd4 7.Nf3 d5 8.cxd5 Qxd5
9.Qxd4 Nc6 10.Qxd5 Nxd5 11.b4 b6 12.Bb2 O-O 13.Rc1 Bb7 14.Bg2 Rac8 15.O-O Ba6
16.Rc2 Ne5  1/2-1/2

[Event "ch-Euro Blitz"]
[Site "Ajaccio FRA"]
[Date "2007.10.25"]
[Round "15"]
[White "Mikhalevski,V"]
[Black "Levacic,D"]
[Result "1-0"]
[WhiteElo "2584"]
[BlackElo "2253"]

1.d4 Nf6 2.c4 e6 3.g3 Bb4+ 4.Bd2 Qe7 5.Bg2 Nc6 6.Nf3 O-O 7.O-O Bxd2 8.Qxd2 d6
9.Nc3 e5 10.d5 Nb8 11.e4 a5 12.Ne1 Nbd7 13.Nd3 Re8 14.f4 exf4 15.gxf4 a4
16.Rae1 Nh5 17.e5 dxe5 18.fxe5 Qh4 19.Re4 Qe7 20.d6 cxd6 21.exd6 Qd8  1-0

[Event "2nd MAIG Team Standard"]
[Site "Macau CHN"]
[Date "2007.10.29"]
[Round "3"]
[White "Wu Shaobin"]
[Black "Amir,K"]
[Result "1-0"]
[WhiteElo "2449"]
[BlackElo "2280"]

1.d4 Nf6 2.c4 e6 3.g3 Bb4+ 4.Bd2 c5 5.Bxb4 cxb4 6.Bg2 d5 7.Nd2 Nc6 8.Ngf3 O-O
9.O-O Qd6 10.Qc2 Rd8 11.Rfd1 b6 12.e4 dxe4 13.Nxe4 Nxe4 14.Qxe4 Bb7 15.Ng5 g6
16.Qh4 h5 17.d5 Na5 18.Nxf7 Kxf7 19.dxe6+ Qxe6 20.Rxd8 Rxd8 21.Qxd8 Bxg2
22.Qc7+ Kf6 23.Qf4+ Qf5 24.Qxf5+ Kxf5 25.Kxg2 Ke4 26.b3 Kd3 27.f4 Kc3 28.Rf1 Nb7
29.h3 a5 30.g4 hxg4 31.hxg4 Kb2 32.Rf2+ Ka3 33.f5 gxf5 34.gxf5 Nd6 35.f6 Nf7
36.Kf3 Ne5+ 37.Kg2 Nf7 38.Re2 Ng5 39.Kg3 Nf7 40.Kf4 a4 41.bxa4 Kxa4 42.Re7  1-0

[Event "ETCC w"]
[Site "Crete GRE"]
[Date "2007.10.30"]
[Round "3"]
[White "Vojinovic,J"]
[Black "Hund,B"]
[Result "1/2-1/2"]
[WhiteElo "2227"]
[BlackElo "2216"]

1.d4 Nf6 2.c4 e6 3.g3 Bb4+ 4.Nd2 O-O 5.Bg2 d5 6.Nf3 b6 7.a3 Be7 8.Ne5 Bb7
9.Qc2 c5 10.dxc5 Bxc5 11.cxd5 Bxd5 12.Ndf3 Nbd7 13.Nxd7 Qxd7 14.O-O Rac8
15.Qd3 Qb7 16.b4 Be7 17.Bb2 Rfd8 18.Rac1 h6 19.Rxc8 Rxc8 20.Re1 a5 21.Bxf6 Bxf6
22.e4 Bc4 23.Qb1 Qa6 24.Rc1 axb4 25.Qxb4 Bd3 26.Rxc8+ Qxc8 27.h4 Qc1+ 28.Kh2 Qb2
29.Qa4 Qxf2 30.Qe8+ Kh7 31.Qxf7 Bf1 32.Ng5+ hxg5 33.Qh5+ Kg8 34.Qe8+ Kh7  1/2-1/2

[Event "Elwood Open"]
[Site "Melbourne AUS"]
[Date "2007.11.06"]
[Round "6"]
[White "Antic,De"]
[Black "Johansen,D"]
[Result "1/2-1/2"]
[WhiteElo "2476"]
[BlackElo "2446"]

1.d4 e6 2.c4 Nf6 3.g3 Bb4+ 4.Bd2 Qe7 5.Nf3 Nc6 6.Nc3 Bxc3 7.Bxc3 Ne4 8.Rc1 d6
9.Bg2 O-O 10.O-O Nxc3 11.Rxc3 e5 12.d5 Nb8 13.Nd2 a5 14.f4 exf4 15.gxf4 f5
16.e4 Na6 17.Qh5 Nc5 18.Qg5 Qxg5 19.fxg5 Bd7  1/2-1/2

[Event "Open"]
[Site "Liberec CZE"]
[Date "2007.11.16"]
[Round "8"]
[White "Porat,I"]
[Black "Ksieski,Z"]
[Result "0-1"]
[WhiteElo "2275"]
[BlackElo "2400"]

1.d4 Nf6 2.c4 e6 3.g3 Bb4+ 4.Bd2 a5 5.Bg2 d6 6.Nf3 Nbd7 7.O-O e5 8.Be3 exd4
9.Bxd4 O-O 10.Qc2 Re8 11.Nc3 Bc5 12.a3 Bxd4 13.Nxd4 Ne5 14.Nd5 c6 15.Nxf6+ Qxf6
16.Rad1 a4 17.Rd2 Ra5 18.Nf3 Bf5 19.Qc3 Nxf3+ 20.Bxf3 Qxc3 21.bxc3 Rc5 22.Rxd6 Rxc4
23.Rd4 Rxc3 24.Rxa4 g6 25.Rb4 Bc8 26.a4 Rd8 27.Ra1 Kf8 28.a5 Rd7 29.Rh4 h5
30.Rb4 Ke7 31.Kf1 Kd8 32.Be4 Kc7 33.Ke1 Rd6 34.h4 c5 35.Rb5 Rd4 36.Bd3 Bd7
37.Rb2 Rb4 38.Rxb4 cxb4 39.Rb1 b3 40.Kd2 Rc5 41.a6 Be6 42.axb7 Kxb7 43.Rc1 Ra5
44.Kc3 Ra2 45.Rb1 Kc6 46.Rxb3 Bxb3 47.Kxb3 Ra7 48.Kc4 Ra4+ 49.Kc3 Kc5 50.Kd2 Kb4
51.Ke3 Kc3 52.Bb5 Rb4 53.Bd3 Rb6 54.f3 Re6+ 55.Kf4 Kd4 56.Bb5 Rf6+ 57.Kg5 Rf5+
58.Kh6 Rxb5  0-1

[Event "TCh-BEL 2007-8"]
[Site "Belgium BEL"]
[Date "2007.11.18"]
[Round "4"]
[White "Chabanon,JL"]
[Black "Giffard,N"]
[Result "1/2-1/2"]
[WhiteElo "2454"]
[BlackElo "2387"]

1.d4 Nf6 2.c4 e6 3.g3 Bb4+ 4.Bd2 Be7 5.Bg2 d5 6.Nf3 O-O 7.O-O c6 8.Qc2 b6
9.Bf4 Bb7 10.Nbd2 Nbd7 11.e4 dxc4 12.Nxc4 c5 13.e5 Nd5 14.Bd2 cxd4 15.Qd3 Ba6
16.Qxd4 Bxc4 17.Qxc4 Rc8 18.Qg4 g6 19.Bh6 Re8 20.Rfc1 Rxc1+ 21.Rxc1 Qb8 22.Qa4 Nc5
23.Qb5 a6 24.Qe2 Rd8 25.h4 Nb4 26.Rc4 Nbd3 27.h5 a5 28.hxg6 hxg6 29.Bf1 Rd5
30.Rd4 Rxd4 31.Nxd4 Qxe5 32.Be3 Qf6  1/2-1/2

[Event "WYb18"]
[Site "Kemer TUR"]
[Date "2007.11.26"]
[Round "9"]
[White "Gundavaa,B"]
[Black "Rohit,G"]
[Result "1/2-1/2"]
[WhiteElo "2274"]
[BlackElo "2491"]

1.d4 Nf6 2.c4 e6 3.g3 Bb4+ 4.Bd2 Be7 5.Bg2 d5 6.Nf3 O-O 7.O-O c6 8.Qc2 b6
9.Bf4 Bb7 10.Nbd2 Nbd7 11.e4 dxc4 12.Nxc4 c5 13.Rfe1 Rc8 14.Nd6 Bxd6 15.Bxd6 cxd4
16.Qd1 Re8 17.Qxd4 e5 18.Nxe5 Nxe5  1/2-1/2

[Event "XX Carlos Torre Wimbledon"]
[Site "Merida MEX"]
[Date "2007.12.19"]
[Round "1.2"]
[White "Leon Hoyos,M"]
[Black "Quezada Perez,Y"]
[Result "0-1"]
[WhiteElo "2495"]
[BlackElo "2546"]

1.d4 Nf6 2.c4 e6 3.g3 Bb4+ 4.Bd2 c5 5.Bxb4 cxb4 6.Bg2 O-O 7.Nf3 d6 8.O-O Re8
9.Qd3 Nc6 10.d5 exd5 11.cxd5 Nb8 12.Nbd2 Na6 13.Rfe1 Bg4 14.e4 Bxf3 15.Bxf3 Rc8
16.Qd4 Qc7 17.Re3 Qc5 18.Nb3 Qxd4 19.Nxd4 Nc5 20.Rae1 a6 21.Nf5 Rcd8 22.R3e2 g6
23.Nd4 Re7 24.Bg2 Rde8 25.f3 Nfd7 26.Kf1 Nb6 27.f4 Rd8 28.b3 Rc7 29.Re3 Kg7
30.Kf2 Nbd7 31.R1e2 Nf6 32.Bf3 h5 33.h3 Re7 34.Re1 Kf8 35.Kg2 Rc7 36.R1e2 Kg8
37.Nc2 a5 38.Nd4 Re7 39.Nb5 Kg7 40.Kf2 Kf8 41.Re1 Kg8 42.Kg2 Kf8 43.g4 hxg4
44.hxg4 g5 45.Kg3 gxf4+ 46.Kxf4 Kg8 47.Nd4 Nh7 48.Nf5 Ree8 49.Rh1 Nf8 50.Rh6 Ng6+
51.Kg5 Re5 52.Bg2 Nd7 53.Bh1 Ndf8 54.Kh5 Rc8 55.g5 Rc2 56.Kg4 Rxa2 57.Nxd6 Ra1
58.Bg2 Rg1 59.Rh2 Re7 60.Nf5 Re5 61.d6 b5 62.Nh6+ Kg7 63.Nf5+ Kg8 64.Nd4 Rd1
65.Nc6 Rxd6 66.Nxe5 Nxe5+ 67.Kf5 Nfg6 68.Bf1 a4 69.Bxb5 a3 70.Rc2 Rd1 71.Ree2 Rb1
72.Kf6 Ng4+ 73.Kf5 N4e5 74.Ba4 Kg7 75.Red2 Rg1 76.Ra2 Nf3 77.Rg2 Nfh4+  0-1

[Event "Kots Mem"]
[Site "Donetsk UKR"]
[Date "2008.01.18"]
[Round "1"]
[White "Kamenets,A"]
[Black "Demkovich,A"]
[Result "0-1"]
[WhiteElo "2293"]
[BlackElo "2381"]

1.d4 Nf6 2.c4 e6 3.g3 Bb4+ 4.Bd2 Bxd2+ 5.Qxd2 Qe7 6.Nc3 d6 7.Bg2 O-O 8.Nf3 Nc6
9.O-O d5 10.Ne5 dxc4 11.Nxc4 Rd8 12.e3 e5 13.d5 e4 14.Nxe4 Nxe4 15.Qc2 Bf5
16.dxc6 b5 17.Na3 Nxg3 18.e4 Nxf1 19.exf5 Nd2 20.Nxb5 Qe2 21.Qa4 Rac8 22.Kh1 a6
23.Nc3 Qxf2 24.Nd5 Re8 25.f6 Re1+  0-1

[Event "TCh-BEL 2007-8"]
[Site "Belgium BEL"]
[Date "2008.02.17"]
[Round "9"]
[White "Renette,H"]
[Black "Deleyn,G"]
[Result "1-0"]
[WhiteElo "2273"]
[BlackElo "2304"]

1.d4 Nf6 2.c4 e6 3.g3 Bb4+ 4.Bd2 Qe7 5.Bg2 O-O 6.Nf3 Bxd2+ 7.Nbxd2 d6 8.O-O a5
9.e4 e5 10.h3 Nc6 11.d5 Nb8 12.Ne1 Na6 13.a3 c6 14.Nd3 Bd7 15.Re1 g6 16.Rc1 Nc5
17.Qe2 Nh5 18.b4 axb4 19.axb4 Nxd3 20.Qxd3 Ra4 21.Qc3 Rfa8 22.Ra1 Qf8 23.Kh2 cxd5
24.exd5 f5 25.Rxa4 Rxa4 26.c5 e4 27.c6 Bc8 28.f3 bxc6 29.fxe4 cxd5 30.exf5 Bxf5
31.Bxd5+  1-0

[Event "TCh-HUN 2007-8"]
[Site "Budapest HUN"]
[Date "2008.02.17"]
[Round "6"]
[White "Liptay,L"]
[Black "Taskovits,I"]
[Result "1-0"]
[WhiteElo "2351"]
[BlackElo "2336"]

1.d4 Nf6 2.c4 e6 3.g3 Bb4+ 4.Bd2 c5 5.Bxb4 cxb4 6.Bg2 O-O 7.Nf3 d6 8.a3 bxa3
9.Rxa3 Nc6 10.O-O e5 11.d5 Nb4 12.Nc3 Bg4 13.Ne1 a5 14.Nd3 Nxd3 15.Qxd3 Nd7
16.Rfa1 Nc5 17.Qb1 Ra6 18.Qa2 f5 19.Rxa5 f4 20.b4 fxg3 21.fxg3 Qg5 22.bxc5 Qe3+
23.Kh1 Qxc3 24.Rxa6 bxa6 25.cxd6 Bxe2 26.c5 e4 27.d7 Bf3 28.d6+ Kh8 29.Bxf3 exf3
30.Rd1 h6 31.Qf2 g5 32.Re1 Kh7 33.h4 Rb8 34.Qe3  1-0

[Event "XXIV Open"]
[Site "Cappelle La Grande FRA"]
[Date "2008.02.17"]
[Round "2"]
[White "Zude,E"]
[Black "Kienitz,A"]
[Result "0-1"]
[WhiteElo "2409"]
[BlackElo "2193"]

1.d4 Nf6 2.c4 e6 3.g3 Bb4+ 4.Bd2 Qe7 5.Bg2 Nc6 6.Nf3 Bxd2+ 7.Nbxd2 O-O 8.O-O d6
9.e4 e5 10.d5 Nb8 11.h3 a5 12.b3 c6 13.a3 Na6 14.Ne1 cxd5 15.cxd5 Bd7 16.Nc2 a4
17.b4 Bb5 18.Re1 Rfc8 19.Ne3 Rc3 20.h4 Qd8 21.Qb1 Rac8 22.Bh3 Bd7 23.Bxd7 Qxd7
24.Qb2 Qb5 25.Rec1 Qd3 26.Rxc3 Qxc3 27.Qxc3 Rxc3 28.Nec4 Rc2 29.Nxd6 Rxd2
30.Rc1 Kf8 31.b5 Nb4 32.b6 Rc2 33.Rd1 Na2 34.Nxb7 Nc3 35.Rd3 Ncxe4 36.d6 Nd7
37.Na5 Rb2 38.b7 Nec5 39.Rc3 f6 40.f4 exf4 41.gxf4 Nxb7 42.Rc8+ Kf7 43.Nc4 Re2
44.f5 Re8 45.Rc7 Nc5 46.Kf2 g6 47.Nb6 Rd8 48.Ke3 gxf5 49.Kf4 Ke6 50.Nc4 Rg8  0-1

[Event "1st ZSKA Open"]
[Site "Sofia BUL"]
[Date "2008.02.24"]
[Round "4"]
[White "Tzekov,S"]
[Black "Orev,P"]
[Result "1-0"]
[WhiteElo "2219"]
[BlackElo "2228"]

1.d4 Nf6 2.c4 e6 3.g3 Bb4+ 4.Bd2 Qe7 5.Bg2 O-O 6.Qc2 Nc6 7.Nf3 d6 8.O-O Bxd2
9.Nbxd2 a5 10.e4 e5 11.d5 Nb4 12.Qc3 b6 13.a3 Na6 14.b4 Bd7 15.Ne1 axb4 16.axb4 b5
17.Nd3 Rfb8 18.Ra5 c5 19.bxc5 Nxc5 20.Nxc5 b4 21.Rxa8 bxc3 22.Rxb8+ Be8 23.Ncb3 cxd2
24.Nxd2 g6 25.Rfb1 Qa7 26.R8b6 Qa3 27.R6b3 Qc5 28.h3 Kg7 29.Rd3 Ba4 30.Rc1 h5
31.Bf3 Nd7 32.Bd1 Bxd1 33.Rxd1 f5 34.Rc1 Kh6 35.exf5 gxf5 36.Nb3 Qb4 37.c5 dxc5
38.Rdc3 c4 39.Nd2 Nb6 40.Nxc4 Nxd5 41.Rd3 Qc5 42.Rcd1 Qxc4 43.Rxd5 Qe4 44.Rd6+ Kg5
45.Rd8 h4 46.R1d3 hxg3 47.Rxg3+ Kf4 48.Rf8 Qe1+ 49.Kg2 e4 50.Rg4+ Ke5 51.Rg5  1-0

[Event "65th ch-GEO w"]
[Site "Tbilisi GEO"]
[Date "2008.02.29"]
[Round "2"]
[White "Batsiashvili,N"]
[Black "Khukhashvili,S"]
[Result "1/2-1/2"]
[WhiteElo "2317"]
[BlackElo "2387"]

1.d4 Nf6 2.c4 e6 3.g3 Bb4+ 4.Bd2 Be7 5.Bg2 d5 6.Nf3 O-O 7.O-O c6 8.Bf4 b6
9.Nc3 Bb7 10.Rc1 a6 11.Ne5 Nbd7 12.Nxd7 Nxd7 13.Qb3 b5 14.c5 f5 15.a4 Nf6
16.Ra1 Nh5 17.Be5 g5 18.e3 Bf6 19.Ne2 Ng7 20.axb5 axb5 21.Bd6 Re8 22.f4 h6
23.Rfb1 Qd7 24.Qd1 Rec8 25.b4 Qd8 26.Nc1 Rxa1 27.Rxa1 Ra8 28.Nb3 Rxa1 29.Qxa1 Qa8
30.Qxa8+ Bxa8 31.Bf1 g4 32.Kf2 Bd8 33.Bd3 Bb7 34.Bb8 Kf7 35.Ba7 Ne8 36.Bb6 Ke7
37.Na5 Ba8 38.Bc2 Kd7 39.Ke2 Bf6 40.Nb3 Bb7 41.Nc1 h5 42.Nd3 Bg7 43.Kf2  1/2-1/2

[Event "KNSB TCh-NED 2007-8"]
[Site "Netherlands NED"]
[Date "2008.03.08"]
[Round "7"]
[White "Van Putten,H"]
[Black "Wempe,Jo"]
[Result "0-1"]
[WhiteElo "2262"]
[BlackElo "2289"]

1.d4 Nf6 2.c4 e6 3.g3 Bb4+ 4.Bd2 Qe7 5.Bg2 O-O 6.a3 Bxd2+ 7.Nxd2 d6 8.e3 e5
9.Ne2 c6 10.O-O Bg4 11.Nf3 e4 12.Nd2 d5 13.h3 Bf5 14.Kh2 Rd8 15.c5 h6 16.b4 Na6
17.Qb3 Nc7 18.a4 a6 19.Qc3 Re8 20.Nb3 Nh7 21.Na5 Rab8 22.Ra2 Ng5 23.Ng1 Qe6
24.Re1 Qg6 25.Qd2 Bd7 26.Qe2 Nce6 27.Rb2 Nc7 28.h4 Nh7 29.Bh3 Ne6 30.Qg4 Qf6
31.Qf5 Qe7 32.Qh5 b6 33.Nb3 a5 34.Bxe6 Bxe6 35.Reb1 axb4 36.cxb6 Rxb6 37.Nc5 Nf6
38.Qe2 Nd7 39.Qc2 Reb8 40.a5 Rb5 41.Na6 Rc8 42.Nxb4 Kh7 43.a6 Nb6 44.Na2 Qa7
45.Nc3 Rxb2 46.Qxb2 Rb8 47.Qa2 Ra8 48.Ra1 Nc4 49.Nge2 Rb8 50.Nd1 Rb6 51.Nec3 Bc8
52.Qc2 Rxa6 53.Rxa6 Qxa6 54.Qa4 Qb7 55.Qa2 Nd6 56.Qa3 Qd7 57.Kg1 Nc4 58.Qa2 Qh3
59.Ne2 g5 60.hxg5 hxg5 61.Ndc3 Nd6 62.Qb1 Bg4 63.Qf1 Qh5  0-1

[Event "65th ch-GEO w"]
[Site "Tbilisi GEO"]
[Date "2008.03.10"]
[Round "11"]
[White "Batsiashvili,N"]
[Black "Dzagnidze,N"]
[Result "0-1"]
[WhiteElo "2317"]
[BlackElo "2429"]

1.d4 Nf6 2.c4 e6 3.g3 Bb4+ 4.Bd2 Be7 5.Bg2 d5 6.Nf3 Nbd7 7.O-O O-O 8.Bf4 dxc4
9.Nbd2 Nd5 10.Nxc4 Nxf4 11.gxf4 Nf6 12.Rc1 Nd5 13.e3 Bd7 14.Nfe5 Bb5 15.Qf3 Bxc4
16.Rxc4 f5 17.Kh1 c6 18.Rg1 Bd6 19.Qg3 Bxe5 20.fxe5 Rf7 21.f4 Qa5 22.Rc5 Qxa2
23.Bxd5 exd5 24.e6 Re7 25.Qg5 Rae8 26.e4 dxe4 27.d5 Qb3 28.dxc6 bxc6 29.Rxf5 Qxe6
30.Re5 Qf7 31.Rf5 Qe6 32.Re5 Qd7 33.Rxe7 Qxe7 34.Qxe7 Rxe7 35.Kg2 e3 36.Rc1 e2
37.Kf2 e1=Q+ 38.Rxe1 Rxe1 39.Kxe1 Kf7 40.Ke2 Ke6 41.Ke3 Kd5 42.Kf3 a5 43.Kg4 a4
44.h4 c5 45.h5 c4  0-1

[Event "TCh-AUT 1st Bundesliga 2007-8"]
[Site "Graz AUT"]
[Date "2008.03.14"]
[Round "9"]
[White "Kraemer,Mart"]
[Black "Kosten,A"]
[Result "1/2-1/2"]
[WhiteElo "2436"]
[BlackElo "2511"]

1.d4 Nf6 2.c4 e6 3.g3 Bb4+ 4.Bd2 a5 5.Bg2 d5 6.Nf3 dxc4 7.Qc2 Nc6 8.Qxc4 Qd5
9.Qd3 Qe4 10.Qxe4 Nxe4 11.a3 Nxd2 12.Nbxd2 Be7 13.Rc1 O-O 14.e3 Bd7 15.Ne4 Rfb8
16.Nfd2 Be8 17.O-O Ra7 18.Rc2 a4 19.Rfc1 Bd8 20.Nc5 Na5 21.Nc4 Nxc4 22.Rxc4 Bb5
23.R4c3 c6 24.Bf1 Bxf1 25.Kxf1 Be7 26.Rc4 Bxc5 27.dxc5 Rd8 28.Rb4 f5 29.Ke2 Kf7
30.Rd1 Rxd1 31.Kxd1 e5 32.e4 Ke6 33.f4 exf4 34.exf5+ Kxf5 35.Rxf4+ Ke6 36.Re4+ Kf6
37.Kd2 Ra5 38.Rb4 Rxc5 39.Rxb7 Rd5+ 40.Kc3 Rc5+ 41.Kb4 Rc2 42.Kxa4 Rxh2 43.b4 Rc2
44.Ka5 Rc3 45.a4 Rxg3 46.Kb6 h5 47.a5 h4 48.a6 Rb3 49.a7 Rxb4+ 50.Ka5 Rxb7
51.a8=Q Rb5+ 52.Ka6 Rh5 53.Qxc6+ Kg5 54.Qd5+ Kh6 55.Qe6+ Kh7 56.Qe4+ Kh6
57.Qe6+ Kh7 58.Qh3 Rh6+ 59.Kb7 Kg8 60.Kc7 Kh7 61.Kd7 Kg8 62.Ke8 Kh7 63.Qd3+ Kg8
64.Qd5+ Kh8 65.Qd8 Kh7 66.Kf7 Rf6+ 67.Ke7 Rh6 68.Qd3+ Kh8 69.Qd8+ Kh7 70.Qd3+ Kh8
71.Qd8+  1/2-1/2

[Event "ch-Siberia"]
[Site "Novokuznetsk RUS"]
[Date "2008.03.14"]
[Round "2"]
[White "Mokhov,L"]
[Black "Konyshev,Ar"]
[Result "1/2-1/2"]
[WhiteElo "2130"]
[BlackElo "2252"]

1.d4 Nf6 2.c4 e6 3.g3 Bb4+ 4.Bd2 Qe7 5.Bg2 O-O 6.Nc3 d6 7.Nf3 e5 8.O-O Bxc3
9.bxc3 Nc6 10.Bg5 h6 11.Bxf6 Qxf6 12.h3 Qe7 13.e3 Bd7 14.Nd2 Rad8 15.Re1 b6
16.Kh2 Na5 17.Qe2 Be6 18.f4 f6 19.Rf1 Rde8 20.f5 Bf7 21.d5 c6 22.Nb3 cxd5
23.Nxa5 bxa5 24.cxd5 Rc8 25.c4 Rc5 26.e4 Rfc8 27.Rfc1 Qc7 28.Bf1 Be8 29.Rcb1 a4
30.Qd3 Qd8 31.Rb2 R5c7 32.Rab1 Re7 33.Qa3 g6 34.g4 g5 35.Be2 Kg7 36.Rb7 Kf8
37.Qe3 Qa5 38.Rxe7 Kxe7 39.Kg2 Kd8 40.h4 Qc5 41.Qxc5 Rxc5 42.hxg5 hxg5 43.a3 Rc7
44.Rb8+ Rc8 45.Rb7 Rc7  1/2-1/2

[Event "TCh-HUN 2007-8"]
[Site "Budapest HUN"]
[Date "2008.03.16"]
[Round "8"]
[White "Ignacz,M"]
[Black "Szekeres,R"]
[Result "0-1"]
[WhiteElo "2223"]
[BlackElo "2238"]

1.d4 Nf6 2.c4 e6 3.g3 Bb4+ 4.Bd2 Qe7 5.Bg2 O-O 6.Nf3 Bxd2+ 7.Nbxd2 d6 8.e4 e5
9.d5 c5 10.O-O Ne8 11.Nh4 g6 12.Qc2 Ng7 13.Rae1 Nd7 14.Qc3 Nb6 15.f4 exf4
16.e5 g5 17.Nhf3 g4 18.exd6 Qd8 19.Ne5 f3 20.Rf2 f6 21.d7 Bxd7 22.Nxd7 Qxd7
23.Bf1 f5 24.b4 cxb4 25.Qxb4 Rae8 26.Rd1 f4 27.Bd3 Nh5 28.Nf1 Kh8 29.d6 Qg7
30.Qb2 Na4 31.Qxg7+ Kxg7 32.Bc2 Nc3 33.d7 Rd8 34.Rd6 Ne2+ 35.Kh1 fxg3 36.hxg3 Nhxg3+
37.Nxg3 Nxg3+ 38.Kh2 Ne2 39.Rf1 g3+ 40.Kh3 g2  0-1

[Event "SCT Ladies Open"]
[Site "Stockholm SWE"]
[Date "2008.03.22"]
[Round "5"]
[White "Vasilevich,T"]
[Black "Maksimovic,S"]
[Result "0-1"]
[WhiteElo "2370"]
[BlackElo "2264"]

1.d4 Nf6 2.c4 e6 3.g3 Bb4+ 4.Bd2 Qe7 5.Bg2 Nc6 6.Nf3 O-O 7.O-O Bxd2 8.Qxd2 d6
9.Nc3 a5 10.e4 e5 11.d5 Nb8 12.Ne1 Na6 13.Nd3 Nd7 14.f4 Nac5 15.f5 Nxd3 16.Qxd3 Nc5
17.Qe3 f6 18.h4 Bd7 19.Rf2 Rfb8 20.Bf1 c6 21.Rd1 Be8 22.g4 Bf7 23.g5 cxd5
24.Rxd5 Bxd5 25.Nxd5 Qf7 26.Be2 Kh8 27.Rg2 fxg5 28.hxg5 g6 29.Nf6 Rg8 30.Nxh7 gxf5
31.Nf6 Kg7 32.exf5 Rh8 33.Qf3 Raf8 34.Nd5 Qxf5 35.Qxf5 Rxf5 36.Ne3 Rf4 37.b3 Rh3
38.Nd5 Rfh4 39.Bg4 Rh1+ 40.Kf2 R4h2 41.Nf6 Rxg2+ 42.Kxg2 Ra1 43.Bf5 Rxa2+
44.Kg3 Rb2 45.Nh5+ Kg8 46.g6 e4 47.Kf4 Rh2 48.Nf6+ Kf8 49.Nxe4 Rh4+ 50.Ke3 Nxe4
51.Bxe4 Rh3+ 52.Bf3 Kg7 53.Kf2 Kxg6 54.Kg2 Rh8 55.Be4+ Kf6 56.c5 dxc5 57.Bxb7 Ke5
58.Ba6 Kd4  0-1

[Event "ch-WLS"]
[Site "Cardiff WLS"]
[Date "2008.03.24"]
[Round "7"]
[White "Morris,Ga"]
[Black "Rayner,F"]
[Result "0-1"]
[WhiteElo "2118"]
[BlackElo "2201"]

1.d4 Nf6 2.c4 e6 3.g3 Bb4+ 4.Bd2 Qe7 5.Bg2 Nc6 6.a3 Bxd2+ 7.Qxd2 d6 8.e3 a5
9.b3 e5 10.d5 Nb8 11.Ne2 O-O 12.O-O Nbd7 13.Qc2 Nc5 14.Nd2 Bd7 15.Nc3 c6
16.Rad1 Rfc8 17.b4 axb4 18.axb4 Na6 19.Qb3 c5 20.b5 Nb4 21.Ra1 Qd8 22.Nde4 Ne8
23.f4 exf4 24.exf4 Rxa1 25.Rxa1 Ra8 26.Qd1 h6 27.Nf2 Rxa1 28.Qxa1 Qe7 29.Qc1 Bf5
30.Be4 Bxe4 31.Ncxe4 f5 32.Nc3 Nf6 33.Kf1 Kf7 34.Qd2 Qe8 35.b6 Qe7 36.Nb5 Nd7
37.Nc7 Nxb6 38.Ne6 Nxc4 39.Qc3 Nxd5 40.Nd8+ Ke8 41.Qa1 Nce3+  0-1

[Event "TCh-HUN 2007-8"]
[Site "Budapest HUN"]
[Date "2008.03.30"]
[Round "9"]
[White "Liptay,L"]
[Black "Lorincz,I"]
[Result "0-1"]
[WhiteElo "2351"]
[BlackElo "2315"]

1.d4 Nf6 2.c4 e6 3.g3 Bb4+ 4.Bd2 c5 5.Bxb4 cxb4 6.Bg2 O-O 7.Nf3 Qc7 8.Nbd2 d6
9.a3 bxa3 10.Rxa3 b6 11.O-O Bb7 12.Qb1 Nbd7 13.e4 a5 14.Nh4 e5 15.d5 g6 16.f4 Nh5
17.Qd1 Ba6 18.Qg4 b5 19.Bh3 bxc4 20.Qxd7 Qb6+ 21.Rf2 exf4 22.Qc6 Qxb2 23.Raf3 Bb5
24.Nf1 Qxf2+ 25.Kxf2 Bxc6 26.dxc6 f5 27.exf5 g5 28.Ng2 Nf6 29.Nd2 d5 30.gxf4 g4
31.Rg3 c3 32.Bxg4 cxd2 33.Bd1+ Kh8 34.Rd3 a4 35.Ra3 Ne4+ 36.Kf3 Rfc8 37.Ne3 Rxc6
38.Nxd5 Rc1 39.Rxa4 Rxa4 40.Bxa4 Nc5  0-1

[Event "TCh-RUS w"]
[Site "Dagomys RUS"]
[Date "2008.04.04"]
[Round "3"]
[White "Grabuzova,T"]
[Black "Kovalevskaya,E"]
[Result "1/2-1/2"]
[WhiteElo "2379"]
[BlackElo "2421"]

1.d4 Nf6 2.c4 e6 3.g3 Bb4+ 4.Bd2 Be7 5.Bg2 d5 6.Nf3 O-O 7.O-O c6 8.Qc2 b6
9.b3 Ba6 10.Bf4 Nbd7 11.Rd1 Rc8 12.Nbd2 Nh5 13.Be3 Nhf6 14.Bf4 c5 15.e4 cxd4
16.exd5 Nxd5 17.Nxd4 Nxf4 18.gxf4 Qc7 19.Ne4 Nf6 20.Nc6 Nxe4 21.Nxe7+ Qxe7
22.Qxe4 b5 23.cxb5 Bxb5 24.Rac1 Rxc1 25.Rxc1 Qa3 26.Qc2 a6 27.Qc5 Qxc5 28.Rxc5 Rb8
29.Bf1 Bxf1 30.Kxf1 Kf8 31.Ke2 Rb6 32.Ra5 Rd6 33.h4 Ke7  1/2-1/2

[Event "IX Dos Hermanas Internet"]
[Site "ICC INT"]
[Date "2008.04.04"]
[Round "1.4"]
[White "Andriasian,Z"]
[Black "Hess,Ro"]
[Result "0-1"]
[WhiteElo "2533"]
[BlackElo "2454"]

1.d4 Nf6 2.c4 e6 3.g3 Bb4+ 4.Bd2 Qe7 5.Bg2 Nc6 6.Nf3 Bxd2+ 7.Nbxd2 O-O 8.O-O d6
9.e4 e5 10.d5 Nb8 11.Ne1 a5 12.Nd3 Bg4 13.f3 Bd7 14.b3 Na6 15.a3 c6 16.Qe2 cxd5
17.exd5 Rfc8 18.f4 Re8 19.Rae1 Bg4 20.Qf2 Qc7 21.f5 a4 22.h3 Bh5 23.g4 Bxg4
24.hxg4 Nxg4 25.Qg3 Nf6 26.b4 Rab8 27.Qe3 Red8 28.Rc1 Qd7 29.Ne4 Nxe4 30.Bxe4 f6
31.Kf2 Nc7 32.Rh1 b5 33.c5 dxc5 34.Nxc5 Qf7 35.Ne6 Nxd5 36.Qh3 h6 37.Rcg1 Qa7+
38.Kf1 Nf4 39.Nxf4 Rd1+ 40.Kg2 Rd2+ 41.Kf3 Rf2+ 42.Kg4 Rxf4+ 43.Kh5 Rxe4
44.Rg6 Qf7 45.Rg1 Rd8 46.Qg2 Rdd4 47.Qg3 Rh4+ 48.Qxh4 Rxh4+ 49.Kxh4 Qc4+
50.R1g4 Qf7 51.Rxh6 g5+  0-1

[Event "TCh-RUS w"]
[Site "Dagomys RUS"]
[Date "2008.04.10"]
[Round "8"]
[White "Sharevich,A"]
[Black "Demina,J"]
[Result "1/2-1/2"]
[WhiteElo "2311"]
[BlackElo "2337"]

1.d4 Nf6 2.c4 e6 3.g3 Bb4+ 4.Bd2 Be7 5.Bg2 d5 6.Nf3 O-O 7.O-O c6 8.Qc2 b6
9.Bf4 Ba6 10.Nbd2 Nh5 11.Bxb8 Rxb8 12.e4 Nf6 13.Rfd1 Bb7 14.e5 Nd7 15.cxd5 cxd5
16.Qd3 a6 17.Ne1 Rc8 18.f4 f5 19.exf6 Bxf6 20.Nef3 Rc6 21.Nf1 b5 22.Rac1 Qc7
23.Rxc6 Qxc6 24.Bh3 Re8 25.Re1 a5 26.Ne3 b4 27.Ng4 Bd8 28.f5 Nf8 29.Nge5 Qa6
30.Qxa6 Bxa6 31.fxe6 Bb5 32.Rc1 Nxe6 33.Bxe6+ Rxe6 34.Rc5 Be8 35.Rxd5 Bb6
36.Nd7 Bc7 37.Nfe5 Bxd7 38.Nxd7 Re1+ 39.Kf2 Rb1 40.Rc5 Rxb2+ 41.Kf3 Bd6 42.Rxa5 Rxh2
43.Ra6 Be7 44.Ne5 h5 45.d5 Rd2 46.Ng6 Bf6 47.Nf4 h4 48.gxh4 Bxh4 49.Ke4 Bf6
50.Kf5 Rf2 51.Ke4 Bg5 52.Nd3 Re2+ 53.Kf5 Bf6 54.Nxb4 Re5+ 55.Kf4 g5+ 56.Kf3 Kf7
57.Ra7+ Kg6 58.Rd7 Kf5 59.Rf7 g4+ 60.Kg2 Re2+ 61.Kf1 Rd2 62.Rf8 g3 63.a4 g2+
64.Kg1 Kg6 65.Rxf6+ Kxf6 66.a5 Ke7 67.a6 Kd7 68.a7 Rd1+ 69.Kxg2 Ra1 70.Nc6 Rxa7
71.Nxa7 Kd6  1/2-1/2

[Event "TCh-FRA Top 16 Gp A"]
[Site "Noyon FRA"]
[Date "2008.04.12"]
[Round "6"]
[White "Poisson,O"]
[Black "Pietrasanta,J"]
[Result "0-1"]
[WhiteElo "2148"]
[BlackElo "2268"]

1.d4 Nf6 2.c4 e6 3.g3 Bb4+ 4.Nd2 Nc6 5.Nf3 d6 6.Bg2 e5 7.d5 Bxd2+ 8.Bxd2 Ne7
9.b4 O-O 10.O-O Ne4 11.Be1 f5 12.Qc2 g5 13.Nd2 Nf6 14.a4 Qe8 15.f3 h5 16.h3 g4
17.Ra3 Ng6 18.fxg4 hxg4 19.Rxf5 Bxf5 20.Qxf5 gxh3 21.Bxh3 Kg7 22.Qg5 Nh7
23.Qe3 Ne7 24.Ne4 Qh5 25.g4 Qh6 26.Qg3 Ng5 27.Bg2 Nxe4 28.Bxe4 Qf4 29.Qg2 Qc1
30.Qg3 Rf4 31.Qh4 Rh8 32.Qxe7+ Rf7 33.Qxf7+  0-1

[Event "Victory Day A"]
[Site "Moscow RUS"]
[Date "2008.05.01"]
[Round "8"]
[White "Krylov,M RUS"]
[Black "Paveliev,A"]
[Result "1-0"]
[WhiteElo "2409"]
[BlackElo "2392"]

1.d4 Nf6 2.c4 e6 3.g3 Bb4+ 4.Bd2 Bxd2+ 5.Qxd2 d5 6.Bg2 dxc4 7.Nf3 Bd7 8.Ne5 Bc6
9.Nxc6 Nxc6 10.e3 O-O 11.Na3 Qe8 12.Nxc4 e5 13.dxe5 Nxe5 14.Qc3 Nxc4 15.Qxc4 Qe5
16.O-O c6 17.Qb4 Rab8 18.Rad1 Rfc8 19.Rd2 b6 20.Rfd1 c5 21.Qa4 Qe7 22.e4 c4
23.Rd4 b5 24.Qa6 h6 25.h3 Qc5 26.a3 Re8 27.Qa5 Rbc8 28.Kh2 c3 29.bxc3 Qxc3
30.Qxb5 Qxa3 31.Ra4 Qe7 32.f4 Rc2 33.e5 Nh7 34.Rd7 Qe6 35.Rd6 Qc8 36.Rxa7 Rxg2+
37.Kxg2 Qc2+ 38.Kf3 Rc8 39.Rd3 Qc1 40.Qd5 Qf1+ 41.Kg4 Qe2+ 42.Qf3 Qc2 43.Qd1 h5+
44.Kh4 g5+ 45.Kxh5 Qg2 46.Qg4 Rc6 47.Rd8+ Nf8 48.Qxg5+ Rg6 49.Rxf8+ Kxf8
50.Rxf7+ Kxf7 51.Qxg6+ Kf8 52.Kh4  1-0

[Event "11th IHEM"]
[Site "Hamburg GER"]
[Date "2008.05.16"]
[Round "8"]
[White "Rogozenko,I"]
[Black "Parligras,M"]
[Result "1/2-1/2"]
[WhiteElo "2072"]
[BlackElo "2561"]

1.d4 Nf6 2.c4 e6 3.g3 Bb4+ 4.Bd2 Bxd2+ 5.Nxd2 Nc6 6.Ngf3 d6 7.e4 e5 8.d5 Nb8
9.Bg2 O-O 10.O-O a5 11.Ne1 Na6 12.Nd3 Qe7 13.a3 Bg4 14.f3 Bd7 15.b4 axb4
16.axb4 c6 17.Re1 Rfc8 18.dxc6 bxc6 19.Nf1 Qd8 20.Qd2 Qb6+ 21.Qe3 Qxe3+ 22.Nxe3 Be6
23.f4 exf4 24.gxf4  1/2-1/2